|
|
|
|
| LEADER |
01314nam a22003612a 4500 |
| 001 |
000925441 |
| 003 |
CZ BrMZK |
| 005 |
20081223095122.0 |
| 007 |
ta |
| 008 |
081223s1983 xr er|||||||||||cze d |
| 015 |
|
|
|a cnb000003274
|
| 020 |
|
|
|q (Brož.) :
|c 8 Kčs
|
| 035 |
|
|
|a (OCoLC)39577192
|
| 040 |
|
|
|a ABA001
|b cze
|d ABA001
|d BOA001
|
| 080 |
9 |
|
|a 546
|
| 080 |
9 |
|
|a 541
|
| 100 |
1 |
|
|a Jursík, František,
|d 1934-
|7 jk01052257
|4 aut
|
| 245 |
1 |
0 |
|a Metodické pokyny a úlohy z obecné a anorganické chemie /
|c František Jursík, František Benda, Bohumil Hájek
|
| 250 |
|
|
|a 1. vyd.
|
| 260 |
|
|
|a Praha :
|b Státní nakladatelství technické literatury,
|c 1983
|f (TZ 52)
|
| 300 |
|
|
|a 76 s. ;
|c 29 cm
|
| 500 |
|
|
|a 1117 výt.
|
| 550 |
|
|
|a Vydavatel: VŠCHT v Praze
|
| 655 |
|
7 |
|a učebnice vysokých škol
|7 fd133772
|2 czenas
|
| 700 |
1 |
|
|a Hájek, Bohumil,
|d 1927-
|7 jk01033032
|4 aut
|
| 700 |
1 |
|
|a Benda, František,
|d 1944-2017
|7 jn20000400121
|4 aut
|
| 710 |
2 |
|
|a Vysoká škola chemicko-technologická v Praze
|7 kn20010710384
|
| 910 |
|
|
|a BOA001
|b 4-0857.758
|
| 964 |
|
|
|a Obecná chemie - úlohy - školy vysoké
|
| 964 |
|
|
|a Anorganická chemie - úlohy - školy vysoké
|
| 990 |
|
|
|a BK
|
| 991 |
|
|
|b 200812
|
| 996 |
6 |
|
|b BC-633868
|c 4-0857.758
|l MZK
|r Sklad / do 1 hodiny
|n 0
|w 000925441
|u 000010
|a 1
|e BOA001
|j MZK50
|s P
|